| 000 | 00371nam a2200157Ia 4500 | ||
|---|---|---|---|
| 005 | 20250423095218.0 | ||
| 008 | 250422s9999 xx 000 0 und d | ||
| 020 | _a0- 201- 01673- 7 | ||
| 050 | _aTJ163.2.D67/ | ||
| 100 | _aRichard C. Dorf | ||
| 245 | 0 | _aEnergy, resources, and policy | |
| 260 | _bAddison- Wesley | ||
| 260 | _c1978 | ||
| 300 | _a486 p | ||
| 942 | _cBK | ||
| 999 |
_c29585 _d29585 |
||